000 00257nam a2200097Ia 4500
082 _aJ|599.756|NOBL
245 0 _aTigers
100 _a NOBLEMAN, Marc Tyler New York, [c.2009]
_965058
942 _cBK
008 210817s9999 xx 000 0 und d
999 _c207445
_d207443